| 000 | 01166nac a22002651i 4500 | ||
|---|---|---|---|
| 003 | EG-ScBUE | ||
| 005 | 20230814094454.0 | ||
| 008 | 121114s2007 ua a f b 000 0 ara d | ||
| 017 | _a2007 / 21953 | ||
| 040 |
_aEG-ScBUE _bara _erda _cEG-ScBUE _dEG-ScBUE |
||
| 082 | 0 | 4 |
_a909.04924 _bهـ ي ك _222 |
| 100 | 1 |
_aهيكل، أحمد الشحات، _eمؤلف. _922743 |
|
| 245 | 1 | 0 |
_aيهود المغرب : _bتاريخهم وعلاقتهم بالحركة الصهيونية / _cتأليف د. أحمد الشحات هيكل. |
| 264 | 1 |
_aالقاهرة : _bجامعة القاهرة، مركز الدراسات الشرقية، _c2007. |
|
| 300 |
_a185 صفحة : _bإيضاحيات ؛ _c24 سم. |
||
| 336 |
_2rdacontent _aنص _btxt |
||
| 337 |
_2rdamedia _aبدون وسيط _bn |
||
| 338 |
_2rdacarrier _aمجلد _bnc |
||
| 490 | 0 |
_aسلسلة الدراسات الدينية والتاريخية ؛ _vالعدد 35 |
|
| 504 | _aيشتمل على إرجاعات ببليوجرافية. | ||
| 650 | 7 |
_aاليهود. _2BUEsh _931319 |
|
| 651 | 7 |
_aالمغرب العربي _xتاريخ _2BUEsh _931320 |
|
| 655 | _vReading book | ||
| 942 |
_cBB _k909.04924 هـ ي ك _2ddc |
||
| 999 |
_c8138 _d8138 |
||